000 00562nam a22002057a 4500
003 UA-OsUOA
001 97424
007 ta
008 20130401b un ||||| |||| 00| 0 ukr d
100 _aНаседкин Ф.
090 _a821.161.1
_bН31
942 _cBK
040 _aUA-OsUOA
_cUA-OsUOA
_dUA-OsUOA
245 _aБольшая семья
_bроман
300 _a435 с.
955 _a3
080 _a821.161.1
260 _aМ.
_bСоветский писатель
_c1957
650 7 _a82 Література. Літературознавство
_2UDC
999 _c383671
_d383671